000 00436nam a2200157 i 4500
001 bg
245 0 _aEkonomiczny mechanizm procesów innowacyjnych /
_cpod red. nauk. W. Cabana i J. Mujżela.
260 _aWarszawa,
_c1975.
700 1 _aCaban, Wiesław
_d(1928- ).
_eRed.
700 1 _aMujżel, Jan.
_eRed.
040 _cBPK
041 _apol
080 _a330.322:62.001
942 _cKS
008 s pl f |000 0 pol
999 _c22345
_d22345
856 _uhttp://koha.tu.koszalin.pl/cgi-bin/koha/opac-detail.pl?biblionumber=22345
_yKatalog online BPK